000 01001nam a2200277 i 4500
001 189253
003 SpMaBN
005 20250829034733.0
008 190430s1989 sp |||| | spa d
020 _a84-7175-290-5
080 _a821.111(73)-32"18"
100 1 _aLondon, Jack,
_d1876-1916
_973218
245 1 0 _aNuevos cuentos del mar /
_cJack London ; [traducción, Jacinto León Ignacio].
246 3 5 _aCuentos del mar
260 _aBarcelona :
_bEdiciones 29,
_c[1989]
300 _a128 p. ;
_c19 cm.
490 1 _aGrandes autores
490 1 _aLibros río nuevo
505 8 _aContiene: ;
_tEl inevitable hombre blanco ;
_tSamuel ;
_tLa casta de McCoy ;
_tRumbo oeste ;
_tLa casa de Mapuhi
700 1 _aLeón-Ignacio,
_d1919-1991
_971625
830 0 0 _aGrandes autores (Ediciones 29)
_9193271
830 0 0 _aLibros río nuevo
_9193272
852 _aES-MaACL
_jA-14543
_9196391
_bR.152125
_cDEPO1
_dOlim: N-7543
_hDonacion: Editorial
942 _2udc
999 _c189253
_d189253